000 00362nam a2200145Ia 4500
008 151213s9999 xx 000 0 und d
100 _aKawsar Hussain
245 _aThe Frogs
_cKawsar Hussain
260 _aDhaka
_bAnindya
_c1993
300 _a8498 p.
650 _aEnglish Literature
650 _aEnglish Literature
700 _aKawsar Hussain
999 _c4335
_d4335